[Event "Skei-B"]
[Site "Skei"]
[Date "1995.??.??"]
[Round "3"]
[White "Giddins, Stephen"]
[Black "Gullaksen, Eirik T"]
[Result "1/2-1/2"]
[WhiteElo "2290"]
[BlackElo "2365"]

1.d4 Nf6 2.c4 g6 3.Nc3 Bg7 4.e4 d6 5.Nf3 O-O 6.Be2 e5 7.d5 a5 8.h3 Na6 9.Bg5 Qe8
10.g4 Kh8 11.Nd2 Ng8 12.h4 f6 13.Be3 f5 14.gxf5 gxf5 15.exf5 Bh6 16.Bg5 Bxg5
17.hxg5 Bxf5 18.Nde4  1/2-1/2

[Event "Skei-B"]
[Site "Skei"]
[Date "1995.??.??"]
[Round "5"]
[White "Giddins, Stephen"]
[Black "Madsen, Peder"]
[Result "1-0"]
[WhiteElo "2290"]
[BlackElo "2220"]

1.d4 Nf6 2.c4 g6 3.Nc3 Bg7 4.e4 d6 5.Be2 O-O 6.Nf3 e5 7.d5 Na6 8.Bg5 h6 9.Bh4 Nc5
10.b4 Ncd7 11.Nd2 a5 12.a3 axb4 13.axb4 Rxa1 14.Qxa1 c6 15.O-O g5 16.Bg3 cxd5
17.cxd5 Nb6 18.f3 Nbd7 19.Rc1 Nh5 20.Bf2 Nf4 21.Bf1 Nf6 22.Nb5 g4 23.Qa5 gxf3
24.Qxd8 Rxd8 25.Bb6 Rf8 26.gxf3 Bh3 27.Nc4 Ra8 28.Ba5 Nd7 29.Nbxd6 b6 30.Nxb6 Nxb6
31.Bxb6 Ra2 32.Nf5 Bxf5 33.exf5 Nxd5 34.Bc4 Rd2 35.Bxd5 Rxd5 36.Rc8+ Kh7
37.Rd8 Rb5 38.Bc5 e4 39.fxe4 Bc3 40.Rc8 h5 41.Kf1 Rb7 42.Bd6 Bb2 43.Rc7  1-0

[Event "Skei-B"]
[Site "Skei"]
[Date "1995.??.??"]
[Round "8"]
[White "Giddins, Stephen"]
[Black "Nordahl, Helge"]
[Result "1-0"]
[WhiteElo "2290"]
[BlackElo "2245"]

1.d4 Nf6 2.c4 g6 3.Nc3 Bg7 4.e4 d6 5.Be2 O-O 6.Nf3 e5 7.d5 a5 8.h3 Nfd7 9.g4 f5
10.gxf5 gxf5 11.exf5 Nc5 12.Bg5 Qe8 13.f6 Bxf6 14.Bh6 e4 15.Rg1+ Kh8 16.Ng5 Nd3+
17.Kd2 Nxf2 18.Bh5 Qe5 19.Nf7+ Rxf7 20.Bxf7 Bg4 21.Rxg4 Na6 22.Qg1 Nxg4 23.hxg4 Nc5
24.Rf1 Nd3 25.Rf5 Qe7 26.Be6 Nxb2 27.Qf1 Bg7 28.Bxg7+ Qxg7 29.Kc2 b5 30.cxb5 Nd3
31.Rf7 Nb4+ 32.Kb3 a4+ 33.Kxb4 Qd4+ 34.Qc4 Qd2 35.Qxe4 c5+ 36.dxc6 Qb2+ 37.Kc4  1-0

[Event "CRO-ch"]
[Site "Slavonski Brod"]
[Date "1995.??.??"]
[Round "?"]
[White "Lalic, Bogdan"]
[Black "Rogic, Davor"]
[Result "1-0"]
[WhiteElo "2590"]
[BlackElo "2460"]

1.c4 Nf6 2.Nc3 g6 3.e4 d6 4.d4 Bg7 5.Nf3 O-O 6.Be2 e5 7.d5 a5 8.h3 Na6 9.Bg5 Qe8
10.Nd2 h6 11.Be3 Nh7 12.g4 Nc5 13.Nf1 Ng5 14.Ng3 f5 15.gxf5 gxf5 16.Nxf5 Bxf5
17.exf5 e4 18.h4 Nf3+ 19.Bxf3 exf3 20.Qxf3 Nd3+ 21.Kf1 Qd7 22.Rg1 Rxf5 23.Qe4 Nc5
24.Bxc5 dxc5 25.Qe6+ Qf7 26.Ne4 Qxe6 27.dxe6 Re8 28.Rd1 Rxe6 29.Rd8+ Rf8
30.Nxc5 Rc6 31.Rd5 Rf7 32.b3 Rcf6 33.Nd3 b6 34.Rg4 Kh7 35.Re4 Rf3 36.Kg2 c6
37.Rd8 b5 38.c5 R3f6 39.Kf1 Bf8 40.Re5 Rf3 41.Kg2 R3f6 42.h5 Rf5 43.f4 Bg7
44.Rxf5 Rxf5 45.Rd6 Bf8 46.Rxc6 Rd5 47.Rc7+ Kg8 48.Ne5 Bxc5 49.Kf3 Bf8 50.Ra7 a4
51.bxa4 b4 52.Ke4 Rd2 53.Ng4 Bg7 54.Rb7 Rd4+ 55.Kf5 Rd5+ 56.Ne5 Bf8 57.Rb5 Rd2
58.Ng6 Bg7 59.Rxb4 Rxa2 60.Ne5 Bf8 61.Rc4 Rh2 62.Ng4  1-0

[Event "CRO-ch"]
[Site "Slavonski Brod"]
[Date "1995.??.??"]
[Round "?"]
[White "Cebalo, Miso"]
[Black "Kozul, Zdenko"]
[Result "0-1"]
[WhiteElo "2570"]
[BlackElo "2570"]

1.d4 Nf6 2.Nf3 g6 3.c4 Bg7 4.Nc3 O-O 5.e4 d6 6.Be2 e5 7.O-O Nbd7 8.Qc2 c6
9.d5 cxd5 10.cxd5 a6 11.Be3 Ne8 12.Nd2 f5 13.f3 f4 14.Bf2 g5 15.a4 Ndf6 16.Nc4 g4
17.Bh4 Qc7 18.Qb3 g3 19.h3 Qf7 20.Nb6 Rb8 21.Nxc8 Rxc8 22.Rfc1 Nd7 23.Qxb7 Rb8
24.Qa7 Bf6 25.Bxf6 Nexf6 26.Rab1 Ra8 27.Qc7 Qe7 28.b4 Rfc8 29.Qa5 Rcb8 30.Nd1 Ne8
31.Rc6 Nc5 32.Kf1 Nb7 33.Qb6 Nd8 34.Qg1 Nxc6 35.dxc6 d5 36.exd5 Rxb4 37.Rc1 Rd4
38.Rc4 Rxc4 39.Bxc4 Qb4 40.Be2 Nd6 41.c7 Qa5  0-1

[Event "SLO-chT"]
[Site "?"]
[Date "1995.??.??"]
[Round "3"]
[White "Jelen, Iztok"]
[Black "Milosevic, Rade"]
[Result "1-0"]
[WhiteElo "2415"]
[BlackElo "2205"]

1.d4 Nf6 2.c4 g6 3.Nc3 Bg7 4.e4 d6 5.Nf3 O-O 6.Be2 Na6 7.O-O e5 8.Re1 Bg4
9.d5 Nc5 10.h3 Bxf3 11.Bxf3 a5 12.Rb1 Nfd7 13.b3 f5 14.a3 Qh4 15.b4 axb4
16.axb4 Na6 17.Ba3 Nf6 18.Qb3 Bh6 19.Re2 g5 20.exf5 g4 21.hxg4 Bf4 22.g3 Bxg3
23.fxg3 Qxg3+ 24.Bg2 Nc5 25.bxc5 Rxa3 26.Qxa3 Nxg4 27.Nb5 Qh2+ 28.Kf1 Rxf5+
29.Ke1 Qg1+ 30.Kd2 Qxb1 31.Be4  1-0

[Event "SLO-chT"]
[Site "?"]
[Date "1995.??.??"]
[Round "4"]
[White "Praznik, Ana"]
[Black "Grosar, Kiti"]
[Result "0-1"]
[WhiteElo "2050"]
[BlackElo "2225"]

1.d4 Nf6 2.c4 g6 3.Nc3 Bg7 4.e4 d6 5.Nf3 O-O 6.Be2 e5 7.dxe5 dxe5 8.Qxd8 Rxd8
9.Bg5 c6 10.Rd1 Rxd1+ 11.Kxd1 Nbd7 12.h3 Nc5 13.Bxf6 Bxf6 14.Kc2 a5 15.Rd1 Kf8
16.Ne1 Ke7 17.Nd3 Nxd3 18.Bxd3 a4 19.a3 Be6 20.Kb1 Rd8 21.Be2 Rxd1+ 22.Nxd1 Bh4
23.g3 Bg5 24.h4 Bd2 25.Kc2 Be1 26.g4 Kd6 27.f3 Bxh4 28.Nc3 Kc5 29.Nxa4+ Kd4
30.b3 Be7 31.Nc3 Bxa3 32.Nd1 Bb4 33.Bf1 f5 34.gxf5 gxf5 35.Bh3 h5 36.exf5 Bf7
37.Nf2 Ke3 38.Ne4 Kxf3 39.Ng5+ Kg3 40.Bf1 Be8 41.f6 Bg6+ 42.Bd3 Bxd3+ 43.Kxd3 Kf4
44.Ne4 Bf8 45.b4 h4  0-1

[Event "SLO-chT"]
[Site "?"]
[Date "1995.??.??"]
[Round "5"]
[White "Brglez, Rado"]
[Black "Milosevic, Rade"]
[Result "1-0"]
[WhiteElo "2280"]
[BlackElo "2205"]

1.d4 Nf6 2.c4 g6 3.Nc3 Bg7 4.e4 d6 5.Nf3 O-O 6.Be2 Na6 7.O-O e5 8.Be3 Qe7
9.dxe5 dxe5 10.Nd5 Nxd5 11.cxd5 f5 12.Bxa6 bxa6 13.Qc2 fxe4 14.Ng5 Bh6 15.h4 Rf4
16.d6 cxd6 17.Bxf4 exf4 18.Qxe4 Qxe4 19.Nxe4 Bg7 20.Nxd6 Be6 21.Rfe1 Bd5
22.Rac1 Bxb2 23.Rc8+ Rxc8 24.Nxc8 Kf8 25.Nxa7 Bf6 26.h5 g5 27.Rd1 Bc4 28.Rd6 Be7
29.Rc6 Bd3 30.Nc8 Bb4 31.Nd6 Kg7 32.f3 Bd2 33.Kh2 a5 34.Ne8+ Kf7 35.Rd6  1-0

[Event "SLO-chT"]
[Site "?"]
[Date "1995.??.??"]
[Round "7"]
[White "Orel, Simona"]
[Black "Praznik, Ana"]
[Result "1/2-1/2"]
[WhiteElo "2045"]
[BlackElo "2045"]

1.d4 Nf6 2.c4 g6 3.Nc3 Bg7 4.e4 d6 5.Nf3 O-O 6.Be2 e5 7.d5 Bg4 8.Be3 a5 9.a3 Nbd7
10.b4 axb4 11.axb4 Rxa1 12.Qxa1 Qa8 13.O-O Rc8 14.h3 Bxf3 15.Bxf3 b6 16.Nb5 Qb7
17.Qb2 Ra8 18.Ra1 Ne8 19.Ra3 Rxa3 20.Qxa3 Ndf6 21.Nc3 Bf8 22.c5 bxc5 23.bxc5 dxc5
24.Bxc5 Bxc5 25.Qxc5 Nd6 26.Kh2 Qb6 27.Qe3 Qxe3 28.fxe3 Kf8 29.Kg1 Ke7 30.Kf2 Kd7
31.Ke2 c5 32.dxc6+ Kxc6 33.Kd3 Kc5 34.Na4+ Kb5 35.Nc3+ Kc5 36.Na4+ Kb5 37.Nc3+  1/2-1/2

[Event "St Affrique op"]
[Site "St Affrique"]
[Date "1995.??.??"]
[Round "7"]
[White "Ikonnikov, Vyacheslav"]
[Black "Mrdja, Milan"]
[Result "1-0"]
[WhiteElo "2540"]
[BlackElo "2450"]

1.d4 Nf6 2.Nf3 g6 3.c4 Bg7 4.Nc3 O-O 5.e4 d6 6.Be2 Na6 7.O-O e5 8.Be3 Ng4
9.Bg5 f6 10.Bh4 Qe8 11.d5 Qe7 12.Nd2 h5 13.h3 Nh6 14.a3 Nf7 15.b4 Bh6 16.Nb3 Kh7
17.Ra2 Bg5 18.Bg3 Bh6 19.Rc2 b6 20.Bd3 Nb8 21.c5 dxc5 22.bxc5 bxc5 23.Na4 c4
24.Rxc4 c6 25.dxc6 Be6 26.Rc3 Rc8 27.Nbc5 Rxc6 28.Nxe6 Qxe6 29.Bb5 Rxc3 30.Nxc3 Nc6
31.Qa4 Nd4 32.Bc4 Qe7 33.Nd5 Qd8 34.f4 Nd6 35.fxe5 Nxe4 36.Nxf6+ Nxf6 37.exf6 Nf5
38.Be5 Be3+ 39.Kh2  1-0

[Event "Wch U12 Girls"]
[Site "St Lorenzo"]
[Date "1995.??.??"]
[Round "4"]
[White "Cmilyte, Viktorija"]
[Black "Gara, Anita"]
[Result "0-1"]
[WhiteElo "2070"]
[BlackElo "2050"]

1.d4 Nf6 2.c4 g6 3.Nc3 Bg7 4.e4 d6 5.Nf3 O-O 6.Be2 e5 7.d5 a5 8.Bg5 h6 9.Bh4 Na6
10.O-O Qe8 11.Nd2 Nh7 12.a3 Bd7 13.b3 f5 14.exf5 gxf5 15.Bh5 Qc8 16.Qc2 e4
17.f4 Nf6 18.Be2 Qe8 19.Rab1 Nh5 20.Kh1 Nxf4 21.Rxf4 Qe5 22.Ndxe4 fxe4 23.Rxf8+ Rxf8
24.Rc1 Bf5 25.Bg3 Qe7 26.Rf1 Qf6 27.Nd1 Qd4 28.Qc1 Nc5 29.Qe3 Bg6 30.Rxf8+ Kxf8
31.b4 axb4 32.axb4 Nd3 33.Qxd4 Bxd4 34.Bxd3 exd3 35.Be1 Bh5 36.Nc3 Be3 37.Nb1 Kf7
38.h3 Bd1 39.Bd2 Bxd2 40.Nxd2 Kf6 41.Kg1 Ke5 42.Kf2 Kd4 43.g4 b5 44.cxb5 Be2
45.Nb3+ Kc3 46.Nc5 d2 47.Kxe2 Kc2  0-1

[Event "Chigorin mem"]
[Site "St Petersburg"]
[Date "1995.??.??"]
[Round "4"]
[White "Vasilevich, Tatjana"]
[Black "Ragozin, Evgeni"]
[Result "0-1"]
[WhiteElo "2215"]
[BlackElo "2430"]

1.d4 Nf6 2.c4 g6 3.Nc3 Bg7 4.e4 d6 5.Nf3 O-O 6.Be2 e5 7.d5 Nbd7 8.Bg5 h6
9.Bh4 g5 10.Bg3 Nh5 11.h4 g4 12.Nh2 f5 13.exf5 Nxg3 14.fxg3 h5 15.O-O Nc5
16.Qc2 e4 17.f6 Rxf6 18.Nxe4 Nxe4 19.Qxe4 Bd7 20.Bd3 Rh6 21.Rae1 Bf6 22.Re2 Qe8
23.Qf4 Qf8 24.Kh1 Qg7 25.Qd2 Re8 26.Ref2 Rf8 27.Qa5 Bc8 28.Qxa7 Re8 29.Re2 Be5
30.Qe3 Rf6 31.Rxf6 Qxf6 32.Rf2 Qg7 33.Nf1 Bd7 34.Qd2 Bd4 35.Re2 Rxe2 36.Qxe2 Bxb2
37.Qe4 Be5 38.Kh2 Kf8 39.Ne3 Qf6 40.Nf5 Ke8 41.Kg1 Kd8 42.Kf2 Kc8 43.Kg1 Kb8
44.Bb1 Bc8 45.Qd3 Qh8 46.Kf2 Qe8 47.Ne3 Qa4 48.Nc2 Qa5 49.Kf1 Qb6 50.Qb3 Qc5
51.Ne1 Qd4 52.Qd3 Qa1 53.Kf2 Bd4+ 54.Ke2 Bb6 55.Kd1 Qe5 56.Qg6 Qxg3 57.Qxh5 Qc3  0-1

[Event "Chigorin mem"]
[Site "St Petersburg"]
[Date "1995.??.??"]
[Round "5"]
[White "Guliev, Sarhan"]
[Black "Cherniaev, Alexander"]
[Result "0-1"]
[WhiteElo "2495"]
[BlackElo "2450"]

1.d4 Nf6 2.c4 d6 3.Nf3 Nbd7 4.Nc3 e5 5.e4 g6 6.Be2 Bg7 7.O-O O-O 8.Re1 c6
9.Bf1 a6 10.Bg5 h6 11.Bh4 exd4 12.Qxd4 g5 13.Bg3 Nd5 14.Qd2 Nxc3 15.bxc3 Ne5
16.Nd4 Qf6 17.Rab1 b5 18.Bxe5 dxe5 19.Nb3 g4 20.Na5 h5 21.Rbd1 h4 22.Qd6 g3
23.hxg3 hxg3 24.fxg3 Qg5 25.Nxc6 Qxg3 26.c5 Be6 27.Qd3 Qg5 28.Re3 Rfc8 29.Rg3 Qh4
30.Nxe5 Rd8  0-1

[Event "St Petersburg op"]
[Site "St Petersburg"]
[Date "1995.??.??"]
[Round "6"]
[White "Malaniuk, Vladimir P"]
[Black "Galkin, Alexander"]
[Result "1/2-1/2"]
[WhiteElo "2615"]
[BlackElo "2415"]

1.d4 Nf6 2.c4 g6 3.Nc3 Bg7 4.e4 d6 5.Nf3 O-O 6.Be2 e5 7.d5 a5 8.h3 Na6 9.Bg5 Nc5
10.Nd2 h6 11.Be3 Ne8 12.g4 f5 13.exf5 gxf5 14.Rg1 Kh8 15.g5 e4 16.h4 Qe7  1/2-1/2

[Event "St Petersburg op"]
[Site "St Petersburg"]
[Date "1995.??.??"]
[Round "7"]
[White "Shipov, Sergei"]
[Black "Tseshkovsky, Vitaly"]
[Result "0-1"]
[WhiteElo "2510"]
[BlackElo "2530"]

1.d4 d6 2.Nf3 g6 3.c4 Bg7 4.Nc3 Nf6 5.e4 O-O 6.Be2 e5 7.Be3 Na6 8.O-O Ng4
9.Bg5 f6 10.Bh4 Qe8 11.c5 exd4 12.Nxd4 dxc5 13.Nb3 Ne5 14.Bxa6 bxa6 15.Nxc5 Rb8
16.b3 Kh8 17.Rc1 Rb6 18.Qe2 f5 19.f4 Rc6 20.N3a4 Nf7 21.Bf2 g5 22.Rcd1 Rd6
23.Rde1 gxf4 24.Qh5 Rh6 25.Qd1 Qc6 26.Bd4 Rg6 27.Bxg7+ Rxg7 28.Rxf4 Ng5 29.Kh1 Rfg8
30.Qd5 Qd6 31.Rf2 fxe4 32.Qxd6 cxd6 33.Nxe4 Re7 34.Rfe2 Bg4 35.Re3 Rge8 36.Nac3 d5
37.Nxg5 Rxe3 38.Rxe3 Rxe3  0-1

[Event "Chigorin mem"]
[Site "St Petersburg"]
[Date "1995.??.??"]
[Round "9"]
[White "Vasilevich, Tatjana"]
[Black "Kochyev, Alexander"]
[Result "1-0"]
[WhiteElo "2215"]
[BlackElo "2450"]

1.d4 Nf6 2.c4 g6 3.Nc3 Bg7 4.e4 d6 5.Nf3 O-O 6.Be2 e5 7.d5 Nbd7 8.h3 Nc5
9.Qc2 a5 10.Be3 Ne8 11.Nd2 f5 12.f3 Bh6 13.Bf2 Qg5 14.Nf1 fxe4 15.Be3 Qe7
16.Bxh6 Qh4+ 17.g3 Qxh6 18.Nxe4 Bf5 19.Qd2 Qxd2+ 20.Nexd2 c6 21.Kf2 Bd3 22.Bxd3 Nxd3+
23.Ke2 Nc5 24.Rd1 Kf7 25.Nb1 Ke7 26.Nc3 Rf7 27.Ne3  1-0

[Event "St Petersburg-ch"]
[Site "St Petersburg"]
[Date "1995.??.??"]
[Round "12"]
[White "Sakaev, Konstantin"]
[Black "Lukin, Andrei M"]
[Result "1/2-1/2"]
[WhiteElo "2535"]
[BlackElo "2420"]

1.d4 d6 2.c4 e5 3.Nf3 Nd7 4.Nc3 Ngf6 5.e4 g6 6.Be2 Bg7 7.O-O O-O 8.Be3 exd4
9.Nxd4 Re8 10.f3 c6 11.Qd2 Qe7 12.Bg5 Nc5 13.Kh1 a5 14.Rad1 a4 15.a3 Rd8
16.Qf4 Ncd7 17.Qh4 Qf8 18.Nc2 h6 19.Be3 Re8 20.Qg3 Ne5 21.Nd4 Qe7 22.Bc1 Ned7
23.Qf2 Nc5 24.Rfe1 Kh7 25.Bf1 Nfd7 26.Nce2 Ne5 27.Nf4 Qf6 28.Be3 Ned7 29.Qc2 Qe7
30.Bf2 Be5 31.Nfe2 Ne6 32.Nxe6 Qxe6 33.Nc3 Nc5 34.Bxc5 dxc5 35.Nxa4 Qf6 36.Nxc5 Qh4
37.g4 Qf6 38.Rd3  1/2-1/2

[Event "Stockholm"]
[Site "Stockholm"]
[Date "1995.??.??"]
[Round "8"]
[White "Degerman, Lars"]
[Black "Cramling, Dan"]
[Result "1-0"]
[WhiteElo "2485"]
[BlackElo "2445"]

1.d4 Nf6 2.Nf3 g6 3.c4 Bg7 4.Nc3 O-O 5.e4 d6 6.Be2 Na6 7.O-O e5 8.Be3 Ng4
9.Bg5 Qe8 10.c5 h6 11.Bh4 g5 12.Bxa6 gxh4 13.Be2 exd4 14.Nxd4 Nxh2 15.Re1 Qe5
16.Nf5 dxc5 17.Qc1 Bxf5 18.exf5 Qxf5 19.Kxh2 Qxf2 20.Ne4 Qd4 21.Bf3 Rae8
22.Re2 f5 23.Nc3 Rxe2 24.Nxe2 Qxb2 25.Qc4+ Kh7 26.Rd1 b6 27.Rd7 Qe5+ 28.Qf4 Kh8
29.Kh3 Qe6 30.Qxc7 Qg6 31.Qf4 Rf7 32.Qb8+ Kh7 33.Rxa7 Rxa7 34.Qxa7 c4 35.Qc7 c3
36.Nxc3  1-0

[Event "Strumica"]
[Site "Strumica"]
[Date "1995.??.??"]
[Round "4"]
[White "Azmaiparashvili, Zurab"]
[Black "Rashkovsky, Nukhim N"]
[Result "1-0"]
[WhiteElo "2610"]
[BlackElo "2550"]

1.c4 Nf6 2.Nc3 g6 3.d4 Bg7 4.e4 d6 5.Be2 O-O 6.Nf3 e5 7.O-O Nbd7 8.Be3 h6
9.dxe5 dxe5 10.Nd2 Nh7 11.b4 Ng5 12.Nb3 Ne6 13.Qd2 Kh7 14.Rfd1 f5 15.f3 f4
16.Bf2 Bf6 17.Qe1 Qe8 18.c5 g5 19.Rd3 Rg8 20.Rad1 h5 21.h3 Bh8 22.b5 g4 23.fxg4 Nf6
24.Bh4 hxg4 25.Bxf6 Bxf6 26.Bxg4 Nd4 27.Nd5 Bd8 28.Nxd4 exd4 29.Bxc8 Rxc8
30.e5  1-0

[Event "SVK-chT"]
[Site "?"]
[Date "1995.??.??"]
[Round "?"]
[White "Harasta, Vladimir"]
[Black "Kalisky, Vladimir"]
[Result "1/2-1/2"]
[WhiteElo "2240"]
[BlackElo "2215"]

1.c4 Nf6 2.Nc3 g6 3.e4 d6 4.d4 Bg7 5.Nf3 O-O 6.Be2 Nbd7 7.O-O e5 8.Re1 exd4
9.Nxd4 Nc5 10.f3 Re8 11.Be3 Nfd7 12.Qd2 Ne5 13.Rad1 Bd7 14.Kh1 a6 15.Nc2  1/2-1/2

[Event "SVK-chT"]
[Site "?"]
[Date "1995.??.??"]
[Round "?"]
[White "Harasta, Vladimir"]
[Black "Hagarova, Zuzana"]
[Result "1-0"]
[WhiteElo "2240"]
[BlackElo "2230"]

1.c4 Nf6 2.Nc3 g6 3.e4 d6 4.d4 Bg7 5.Nf3 O-O 6.Be2 e5 7.dxe5 dxe5 8.Qxd8 Rxd8
9.Bg5 Re8 10.Nd5 Nxd5 11.cxd5 c6 12.Bc4 cxd5 13.Bxd5 Na6 14.O-O Nc7 15.Bb3 Be6
16.Rfd1 b6 17.Nd2 f6 18.Be3 Red8 19.Rac1 Bxb3 20.Nxb3 Ne6 21.Kf1 Kf7 22.Ke2 Bf8
23.f3 Rd6 24.Rxd6 Bxd6 25.Nd2 Rd8 26.Nb1 Bc5 27.Nc3 Bxe3 28.Kxe3 Rd7 29.Nd5 f5
30.g3 fxe4 31.fxe4 Nd4 32.Rc8 Kg7 33.Re8 Kf7 34.Rc8 Kg7 35.a3 Rf7 36.Rc7 Rxc7
37.Nxc7 Kf7 38.Kd3 Ke7 39.Kc4 g5 40.Nb5 Nf3 41.Nxa7 Nxh2 42.Nc8+ Ke6 43.Nxb6 h5
44.a4 Nf1 45.a5 h4 46.gxh4 gxh4 47.a6 h3 48.a7 h2 49.a8=Q h1=Q 50.Qg8+ Kd6
51.Qg6+ Ke7 52.Nd5+  1-0

[Event "SVK-chT2"]
[Site "?"]
[Date "1995.??.??"]
[Round "?"]
[White "Veselsky, Jozef"]
[Black "Timoshchenko, Gennadi A"]
[Result "0-1"]
[WhiteElo "2260"]
[BlackElo "2520"]

1.d4 Nf6 2.Nf3 g6 3.c4 Bg7 4.Nc3 O-O 5.e4 d6 6.Be2 Na6 7.O-O e5 8.Bg5 h6
9.dxe5 hxg5 10.exf6 Bxf6 11.Qc2 g4 12.Nd2 Be5 13.g3 Kg7 14.Nd5 Rh8 15.Nb3 Qg5
16.Qd2 Qxd2 17.Nxd2 Bxb2 18.Rab1 Be5 19.Ne7 Nc5 20.Nxc8 Raxc8 21.Bxg4 Rce8
22.Bf3 Bc3 23.Rfd1 b6 24.Nf1 Nxe4 25.Rb3 Bf6 26.Ne3 Bg5 27.Nf1 f5 28.Kg2 Re5
29.Rd5 Rhe8 30.h4 Bh6 31.Rbd3 Nf6 32.Rb5 Re1 33.Bd1 R8e4 34.Rb4 a5 35.Ra4 Nd7
36.f3 Nc5 37.fxe4 Nxd3 38.Bf3 fxe4 39.Bg4 e3 40.Ra3 e2  0-1

[Event "BCF-ch"]
[Site "Swansea"]
[Date "1995.??.??"]
[Round "3"]
[White "Lawton, Geoffrey W"]
[Black "Hennigan, Michael"]
[Result "1-0"]
[WhiteElo "2385"]
[BlackElo "2465"]

1.d4 Nf6 2.c4 g6 3.Nc3 Bg7 4.e4 d6 5.Be2 O-O 6.Nf3 e5 7.d5 Na6 8.Nd2 h5 9.h4 Bh6
10.Nb3 Bxc1 11.Qxc1 Ne8 12.Qg5 Qxg5 13.hxg5 f6 14.gxf6 Nxf6 15.Kd2 Kg7 16.a3 Rh8
17.Ke3 Bd7 18.Rac1 g5 19.Nd2 c5 20.dxc6 bxc6 21.b4 Ng4+ 22.Bxg4 Bxg4 23.Nb3 h4
24.f3 Bh5 25.Rcd1 Rh6 26.Na5 c5 27.Nd5 cxb4 28.axb4 Kf8 29.Nc6 Be8 30.Nce7 Nxb4
31.Nf5 Rg6 32.Nxb4  1-0

[Event "BCF-ch"]
[Site "Swansea"]
[Date "1995.??.??"]
[Round "11"]
[White "Lawton, Geoffrey W"]
[Black "Hebden, Mark"]
[Result "0-1"]
[WhiteElo "2385"]
[BlackElo "2570"]

1.d4 Nf6 2.c4 g6 3.Nc3 Bg7 4.e4 d6 5.Be2 O-O 6.Nf3 e5 7.d5 Na6 8.Nd2 h5 9.Nb3 c5
10.Bg5 Qe8 11.Nd2 Nh7 12.Be3 h4 13.Nf3 Qe7 14.g3 h3 15.Nh4 Bf6 16.Nf3 Nc7
17.a3 Ne8 18.Qd2 Bg7 19.Nh4 Nef6 20.Qd1 Kh8 21.Kd2 g5 22.Nf3 Ng4 23.Ne1 Nxe3
24.fxe3 f5 25.exf5 Bxf5 26.e4 Bd7 27.Bg4 Nf6 28.Bxd7 Qxd7 29.Nf3 Bh6 30.Kd3 b5
31.Qe2 b4 32.Nd1 Nxd5 33.Nxg5 Nf6 34.Nf3 d5 35.Nxe5 dxe4+ 36.Kc2 Qf5  0-1

[Event "SWZ-chT"]
[Site "SWZ"]
[Date "1995.??.??"]
[Round "1"]
[White "Almada, Enrique"]
[Black "Kamber, Bruno"]
[Result "1/2-1/2"]
[WhiteElo "2295"]
[BlackElo "2375"]

1.d4 Nf6 2.c4 g6 3.Nf3 Bg7 4.Nc3 O-O 5.e4 d6 6.Be2 e5 7.d5 Na6 8.O-O Bd7
9.Bg5 h6 10.Bh4 h5 11.Ne1 Bh6 12.f3 Be3+ 13.Bf2 Bxf2+ 14.Rxf2 Qe7 15.Nd3 Nc5
16.Nxc5 dxc5 17.Qd2 Kg7 18.Re1 Rae8 19.Bd1 Bc8 20.g3 h4 21.g4 a6 22.h3 Nh7
23.f4 exf4 24.e5 Qg5 25.Qxf4 Qxf4 26.Rxf4 Ng5 27.Kg2 Bd7 28.Rf2 Re7 29.Rfe2 b6
30.Ne4 Rxe5 31.Nxg5 Rxg5 32.Re7 Rd8 33.Rf1 Be8 34.Rfe1 Bd7 35.Kf3 b5 36.Kf4 Kf6
37.b3 bxc4 38.bxc4 c6 39.Bf3 cxd5 40.Bxd5 Rxd5 41.cxd5 g5+ 42.Kf3 Bb5 43.R7e5 Bd3
44.d6 Rxd6 45.Rxc5 Kg6 46.Ree5 f6 47.Red5 Rxd5 48.Rxd5 Bb5 49.a3 Kf7 50.Rd6 Bc4
51.a4 Ke7 52.Rb6 Bf1 53.Rb1 Bd3 54.Rb3 Bc4 55.Rc3 Bd5+ 56.Ke3 Kd6 57.a5 Bg2
58.Kd4 Ke6 59.Re3+ Kf7 60.Rd3  1/2-1/2

[Event "SWZ-ch"]
[Site "SWZ"]
[Date "1995.??.??"]
[Round "2"]
[White "Huss, Andreas"]
[Black "Nemet, Ivan"]
[Result "1-0"]
[WhiteElo "2405"]
[BlackElo "2395"]

1.d4 Nf6 2.Nf3 g6 3.c4 Bg7 4.Nc3 O-O 5.e4 d6 6.Be2 e5 7.d5 a5 8.O-O Na6 9.Ne1 Nc5
10.f3 Nh5 11.g3 Bh3 12.Rf2 f5 13.Nd3 f4 14.Nxc5 dxc5 15.g4 Ng3 16.hxg3 fxg3
17.Rg2 Qh4 18.Qf1 h5 19.g5 Rf4 20.Be3 Raf8 21.Rd1 Qxg5 22.d6 cxd6 23.Rxd6 Kh7
24.Nd5 h4 25.Nxf4 exf4 26.Rd5 Qf6 27.Bxc5 Be6 28.e5 Qg5 29.Bd3 Rc8 30.Bd4 Bxd5
31.cxd5 Bxe5 32.Bxe5 Qxe5 33.Re2 Qxd5 34.Re7+ Kh6 35.Re4 Qd6 36.Bc4 Qd2 37.Qe2 Qc1+
38.Qf1 Qxb2 39.Qe2  1-0

[Event "SWZ-chT"]
[Site "SWZ"]
[Date "1995.??.??"]
[Round "2"]
[White "Huss, Andreas"]
[Black "Weindl, Alfred"]
[Result "1-0"]
[WhiteElo "2405"]
[BlackElo "2350"]

1.d4 Nf6 2.Nf3 g6 3.c4 Bg7 4.Nc3 O-O 5.e4 d6 6.Be2 e5 7.d5 a5 8.h3 Na6 9.Bg5 Qe8
10.Nd2 Kh8 11.h4 Ng8 12.g4 f6 13.Be3 f5 14.f3 Nf6 15.Rg1 Bd7 16.Qc2 c6 17.g5 Nh5
18.O-O-O Nb4 19.Qb3 cxd5 20.cxd5 Nf4 21.Bf1 Nbd3+ 22.Kb1 b5 23.Qc2 Nb4 24.Qb3 Nfd3
25.Bxd3 Nxd3 26.Ne2 Nc5 27.Bxc5 dxc5 28.Qc2 c4 29.Rg2 Rc8 30.Rh1 Kg8 31.h5 fxe4
32.fxe4 gxh5 33.Ng3 Bg4 34.Nf5 Qd7 35.Rf1 b4 36.Nxc4 a4 37.b3 axb3 38.axb3 Bxf5
39.exf5 Qxd5 40.f6  1-0

[Event "SWZ-chT"]
[Site "SWZ"]
[Date "1995.??.??"]
[Round "3"]
[White "Fioramonti, Hung"]
[Black "Vogt, Lothar"]
[Result "0-1"]
[WhiteElo "2370"]
[BlackElo "2475"]

1.Nf3 Nf6 2.c4 g6 3.Nc3 Bg7 4.e4 d6 5.d4 O-O 6.Be2 e5 7.O-O Nbd7 8.Re1 c6
9.Bf1 exd4 10.Nxd4 Re8 11.Nc2 Ne5 12.Ne3 Nfg4 13.Qc2 Be6 14.Nxg4 Nxg4 15.Bf4 Be5
16.Bg3 Qg5 17.Be2 h5 18.Rad1 h4 19.Bxe5 dxe5 20.c5 Rad8 21.Rxd8 Rxd8 22.Rd1 Rd4
23.b3 Qf4 24.Bxg4 Bxg4 25.f3 Qe3+ 26.Kf1 Be6 27.Rxd4 Qxd4 28.Ne2 Qa1+ 29.Nc1 h3
30.g3 Qd4 31.Ne2 Qa1+ 32.Nc1 Kg7 33.Qd2 b6 34.cxb6 axb6 35.Kf2 c5 36.g4 b5
37.Kg3 c4 38.bxc4 bxc4 39.Qc2 c3 40.Ne2 Qe1+ 41.Kxh3 Qd2 42.Qxc3 Qxe2 43.Qxe5+ Kh7
44.Qf6 Qf1+ 45.Kh4 Qg2 46.h3 Bxa2 47.e5 Qf2+ 48.Kg5 Qe3+ 49.Qf4 f6+  0-1

[Event "SWZ-chT"]
[Site "SWZ"]
[Date "1995.??.??"]
[Round "4"]
[White "Leutwyler, Martin"]
[Black "Pytel, Martin"]
[Result "0-1"]
[WhiteElo "2165"]
[BlackElo "2235"]

1.d4 g6 2.Nf3 Nf6 3.c4 Bg7 4.Nc3 O-O 5.e4 d6 6.Be2 e5 7.d5 a5 8.Bg5 h6 9.Bh4 Na6
10.O-O Bd7 11.Nd2 Qe8 12.Kh1 Nh7 13.a3 a4 14.Nb5 h5 15.f3 Bh6 16.Nb1 f5 17.N1c3 Kh8
18.Nxa4 f4 19.b4 g5 20.Bf2 Rg8 21.Qd3 g4 22.c5 g3 23.Be1 Qe7 24.hxg3 fxg3
25.Bxg3 Rxg3 26.Rf2 Rag8  0-1

[Event "SWZ-chT"]
[Site "SWZ"]
[Date "1995.??.??"]
[Round "6"]
[White "Siegel, Georg"]
[Black "Cvitan, Ognjen"]
[Result "0-1"]
[WhiteElo "2480"]
[BlackElo "2510"]

1.Nf3 Nf6 2.d4 g6 3.c4 Bg7 4.Nc3 O-O 5.e4 d6 6.Be2 e5 7.dxe5 dxe5 8.Qxd8 Rxd8
9.Bg5 Nbd7 10.Rd1 Rf8 11.Nd5 Nxe4 12.Ne7+ Kh8 13.Nxc8 Ndc5 14.Ne7 Nxg5 15.Nxg5 Bf6
16.Nxf7+ Rxf7 17.Nd5 Bd8 18.Nc3 c6 19.b4 Ne6 20.Ne4 a5 21.a3 axb4 22.axb4 Nd4
23.Bd3 Ra4 24.O-O Rxb4 25.Rb1 Rxb1 26.Rxb1 b6 27.Ra1 Rd7 28.Kf1 Nb3 29.Rd1 Be7
30.g3 Kg7 31.h4 Nc5 32.Nxc5 Bxc5 33.Ke2 Ra7 34.Rc1 Bd4 35.Rc2 Ra5 36.Kf3 Kf6
37.Ke4 Bc5 38.f3 Ra1 39.Rh2 Ra8 40.f4 exf4 41.Kxf4 Bd6+ 42.Kf3 Ra3 43.Rd2 Ke5
44.Ke2 Bc5 45.Rd1 Ra2+ 46.Rd2 Ra8 47.Rd1 Rf8 48.Rf1 Kd4 49.Rxf8 Bxf8 50.Kd2 Bb4+
51.Kc2 Be1 52.h5 gxh5 53.Bf1 Ke3 54.Bg2 c5 55.Kd1 Bxg3 56.Bc6 h4 57.Bd7 Bf2
58.Bc8 Kf3 59.Bb7+ Kg3 60.Ke2 h3 61.Be4 h5 62.Bc6 h4 63.Bd5 h2 64.Ba8 Bd4  0-1

[Event "SWZ-chT"]
[Site "SWZ"]
[Date "1995.??.??"]
[Round "6"]
[White "Kelecevic, Nedeljko"]
[Black "Barbero, Gerardo F"]
[Result "1/2-1/2"]
[WhiteElo "2435"]
[BlackElo "2435"]

1.d4 Nf6 2.c4 d6 3.Nc3 Nbd7 4.e4 e5 5.Nf3 g6 6.Be2 Bg7 7.O-O O-O 8.Re1 exd4
9.Nxd4 Re8 10.Bf1 Nc5 11.f3 c6 12.Be3 a5 13.Rb1 Nfd7 14.Qd2 Be5 15.b3 Qc7
16.Rbd1 Nb8 17.g3 Nba6 18.Rb1 Bd7 19.a3 Rad8 20.b4 axb4 21.axb4 Ne6 22.Nde2 Bc8
23.Bg2 Nf8 24.Bg5 Rd7 25.Bh3 Ne6 26.Be3 Rdd8 27.Bg2 Nf8 28.Bg5 Rd7 29.Bh3 Ne6
30.Be3 Rdd8  1/2-1/2

[Event "SWZ-ch"]
[Site "SWZ"]
[Date "1995.??.??"]
[Round "7"]
[White "Huss, Andreas"]
[Black "Forster, Richard"]
[Result "0-1"]
[WhiteElo "2405"]
[BlackElo "2370"]

1.d4 Nf6 2.Nf3 g6 3.c4 Bg7 4.Nc3 O-O 5.e4 d6 6.Be2 e5 7.d5 a5 8.Be3 Ng4 9.Bg5 f6
10.Bd2 f5 11.Ng5 Nf6 12.exf5 Bxf5 13.g4 Bd7 14.h4 e4 15.Ngxe4 Nxe4 16.Nxe4 Qe7
17.Bd3 Na6 18.Qe2 Rae8 19.Be3 Nb4 20.Bb1 Qe5 21.Nc3 Bxg4 22.Qxg4 Rxf2 23.Ne4 Rxb2
24.Rh3 Rc2 25.Bxc2 Nxc2+ 26.Kd2 Nxa1 27.Ng5 Qb2+ 28.Kd1 Bc3  0-1